Stavebná mechanika I.diel

Guardado en:
Detalles Bibliográficos
Autor principal: Harvančík, Jozef (Autor)
Formato: Libro
Lenguaje:eslovaco
Publicado: Bratislava : SVŠT v Bratislave, 1976
Etiquetas: Agregar Etiqueta
Sin Etiquetas, Sea el primero en etiquetar este registro!

MARC

LEADER 00000nam a22000003a 4500
001 stu92016
005 20150617225912.9
008 041208s1976----cs------------------slo-d
040 |a STU  |b slo 
041 0 |a slo 
044 |a cs 
080 |a 624.04(075.8) 
100 1 |a Harvančík, Jozef  |4 aut 
245 1 |a Stavebná mechanika I.diel 
260 |a Bratislava :  |b SVŠT v Bratislave,  |c 1976 
300 |a 283 s 
996 |b 284V025068  |c V*2402/S-77  |l VVS  |s A  |a 24  |w stu92016_0001 
996 |b 284V024891  |c V*1514/S-76  |l VVS  |s A  |a 24  |w stu92016_0002 
996 |b 284V024892  |c V*1518/S-76  |l VVS  |s A  |a 24  |w stu92016_0003